[Event "eytcc"]
[Site "?"]
[Date "2017.08.20"]
[Round "4.40"]
[White "Pedoson, Georg Aleksander"]
[Black "Winter, Anna"]
[Result "1-0"]
[BlackElo "1561"]
[WhiteElo "2036"]
[LiveChessVersion "1.4.4"]

1. d4 {[%clk 1:28:40]} d5 {[%clk 1:30:52]} 2. Nf3 {[%clk 1:29:01]} Nf6
{[%clk 1:30:51]} 3. e3 {[%clk 1:29:21]} e6 {[%clk 1:30:33]} 4. Bd3
{[%clk 1:29:28]} a6 {[%clk 1:28:08]} 5. O-O {[%clk 1:29:08]} Be7 {[%clk 1:25:29]}
6. b3 {[%clk 1:28:47]} O-O {[%clk 1:23:17]} 7. Bb2 {[%clk 1:29:10]} Nbd7
{[%clk 1:17:25]} 8. Nbd2 {[%clk 1:28:33]} b6 {[%clk 1:14:40]} 9. Ne5
{[%clk 1:28:02]} Bb7 {[%clk 1:11:47]} 10. f4 {[%clk 1:25:56]} c5 {[%clk 1:07:26]}
11. Qf3 {[%clk 1:14:33]} b5 {[%clk 1:03:58]} 12. c3 {[%clk 1:13:44]} Qc7
{[%clk 0:58:51]} 13. Rac1 {[%clk 1:12:40]} Rac8 {[%clk 0:56:47]} 14. g4
{[%clk 1:09:06]} Ne8 {[%clk 0:47:02]} 15. Qh3 {[%clk 1:07:07]} Ndf6
{[%clk 0:45:55]} 16. f5 {[%clk 0:57:41]} Ne4 {[%clk 0:34:10]} 17. fxe6
{[%clk 0:57:40]} fxe6 {[%clk 0:33:07]} 18. Bxe4 {[%clk 0:57:37]} dxe4
{[%clk 0:33:17]} 19. g5 {[%clk 0:57:41]} Qd6 {[%clk 0:30:49]} 20. g6
{[%clk 0:56:17]} h6 {[%clk 0:27:30]} 21. Nf7 {[%clk 0:52:21]} Qd7
{[%clk 0:25:45]} 22. c4 {[%clk 0:49:53]} Bf6 {[%clk 0:22:11]} 23. Rf2
{[%clk 0:40:03]} b4 {[%clk 0:18:41]} 24. Rcf1 {[%clk 0:39:17]} Nd6
{[%clk 0:18:16]} 25. Nxh6+ {[%clk 0:36:58]} gxh6 {[%clk 0:18:25]} 26. Rxf6
{[%clk 0:37:26]} Nf5 {[%clk 0:16:17]} 27. d5 {[%clk 0:37:11]} Rxf6
{[%clk 0:14:42]} 28. Bxf6 {[%clk 0:37:40]} Rf8 {[%clk 0:14:09]} 29. dxe6
{[%clk 0:36:42]} Qxd2 {[%clk 0:13:52]} 30. Rxf5 Bc8 {[%clk 0:12:55]} 31. Qxh6
{[%clk 0:36:38]} 1-0

[Event "eytcc"]
[Site "?"]
[Date "2017.08.20"]
[Round "4.41"]
[White "Czopor, Maciej"]
[Black "Jakab, Bela"]
[Result "1-0"]
[BlackElo "2195"]
[WhiteElo "2105"]
[LiveChessVersion "1.4.4"]

1. e4 e6 2. d4 d5 3. Nd2 c5 4. exd5 Qxd5 5. Ngf3 cxd4 6. Bc4 Qd6 7. O-O Nf6 8.
Nb3 Nc6 9. Nbxd4 Nxd4 10. Nxd4 a6 11. Re1 h6 12. c3 Bd7 13. a4 Qc7 14. Qe2 Bd6
15. h3 O-O 16. Be3 Rfe8 17. Bb3 Rad8 18. Rad1 e5 19. Nf3 Bc6 20. Nd2 b5 21. axb5
axb5 22. c4 Qb7 23. Ra1 Ra8 24. Qf1 Bb4 25. Red1 Bxd2 26. Rxa8 Rxa8 27. Rxd2 Ne4
28. Rd1 Kh8 29. cxb5 Bxb5 30. Bc4 Bc6 31. f3 Ng3 32. Qf2 Nh5 33. Qh4 Bxf3 34.
gxf3 Qxf3 35. Rd8+ Rxd8 36. Qxd8+ Kh7 37. Qd3+ e4 38. Qe2 Qg3+ 39. Kf1 Qxh3+ 40.
Ke1 f5 41. Qf2 Nf6 42. Be6 g6 43. Qf4 Ne8 44. Kd2 Ng7 45. Bf7 Qg2+ 46. Kc3 Qh3
47. Kd4 Qh1 48. Qb8 Ne8 49. Qxe8 Kg7 50. Qg8+ Kf6 51. Qxg6+ Ke7 52. Qe6+ Kd8 53.
Qe8+ Kc7 54. Bf4+ 1-0

[Event "eytcc"]
[Site "?"]
[Date "2017.08.20"]
[Round "4.42"]
[White "Molnar, Erno"]
[Black "Guzik, Kacper"]
[Result "1-0"]
[BlackElo "1243"]
[WhiteElo "2194"]
[LiveChessVersion "1.4.4"]

1. e4 c5 2. Nf3 e6 3. d4 cxd4 4. Nxd4 a6 5. Bd3 Nc6 6. Be3 Nf6 7. Nc3 Bb4 8. O-O
Bxc3 9. bxc3 d5 10. Nxc6 bxc6 11. e5 Nd7 12. Qg4 g6 13. f4 O-O 14. Bf2 f5 15.
exf6 Nxf6 16. Qe2 Qe7 17. c4 Bd7 18. c5 a5 19. Bd4 Rae8 20. Rab1 Rb8 21. Rxb8
Rxb8 22. Qe5 Rf8 23. f5 gxf5 24. Rxf5 Kg7 25. Qg3+ Kh8 26. Rxf6 Rxf6 27. Qg5 e5
28. Bxe5 Qxc5+ 29. Kh1 1-0

[Event "eytcc"]
[Site "?"]
[Date "2017.08.20"]
[Round "4.43"]
[White "Jaszczuk, Mateusz"]
[Black "Matis, Tibor"]
[Result "1-0"]
[BlackElo "1947"]
[WhiteElo "1472"]
[LiveChessVersion "1.4.4"]

1. c4 {[%clk 1:30:39]} Nf6 {[%clk 1:30:22]} 2. Nc3 {[%clk 1:30:54]} g6
{[%clk 1:30:42]} 3. g3 {[%clk 1:31:13]} Bg7 {[%clk 1:30:56]} 4. Bg2
{[%clk 1:31:33]} O-O {[%clk 1:31:17]} 5. Nf3 {[%clk 1:31:47]} d6 {[%clk 1:31:41]}
6. O-O {[%clk 1:31:28]} Nbd7 {[%clk 1:29:06]} 7. d3 {[%clk 1:25:56]} e5
{[%clk 1:28:18]} 8. Rb1 {[%clk 1:23:56]} Ne8 {[%clk 1:08:27]} 9. b4
{[%clk 1:20:30]} f5 {[%clk 1:08:51]} 10. Bb2 {[%clk 1:16:34]} g5 {[%clk 1:00:31]}
11. a4 {[%clk 0:58:42]} Bf6 {[%clk 0:54:10]} 12. Nd5 {[%clk 0:51:23]} g4
{[%clk 0:37:12]} 13. Nxf6+ {[%clk 0:48:44]} Qxf6 {[%clk 0:36:02]} 14. Nd2
{[%clk 0:48:21]} Qg6 {[%clk 0:33:15]} 15. c5 {[%clk 0:34:48]} Rb8
{[%clk 0:15:35]} 16. Qb3+ {[%clk 0:22:43]} Kh8 {[%clk 0:15:48]} 17. cxd6
{[%clk 0:21:41]} cxd6 {[%clk 0:12:32]} 18. Rbc1 {[%clk 0:08:08]} Nb6
{[%clk 0:10:15]} 19. Nc4 {[%clk 0:01:41]} Qf7 {[%clk 0:04:06]} 20. Qd1
{[%clk 0:01:51]} Nxc4 {[%clk 0:03:42]} 21. dxc4 {[%clk 0:01:09]} Be6
{[%clk 0:03:53]} 22. Bd5 {[%clk 0:01:27]} Nf6 {[%clk 0:04:10]} 23. Bxe6
{[%clk 0:01:34]} Qxe6 {[%clk 0:04:35]} 24. c5 {[%clk 0:01:06]} Rfd8
{[%clk 0:04:22]} 25. cxd6 {[%clk 0:00:56]} Rxd6 {[%clk 0:04:11]} 26. Qc2
{[%clk 0:01:10]} Rbd8 {[%clk 0:01:19]} 27. Qc5 {[%clk 0:00:48]} Nd7
{[%clk 0:01:09]} 28. Qxa7 {[%clk 0:00:40]} Qb3 {[%clk 0:01:07]} 29. Ba1
{[%clk 0:00:31]} Qxb4 {[%clk 0:00:32]} 30. Rb1 {[%clk 0:00:34]} Qc5
{[%clk 0:00:43]} 31. Qxc5 {[%clk 0:00:57]} Nxc5 {[%clk 0:01:07]} 32. Bxe5+
{[%clk 0:01:25]} Kg8 {[%clk 0:01:31]} 33. Bxd6 {[%clk 0:01:49]} Rxd6
{[%clk 0:01:55]} 34. Rfd1 {[%clk 0:02:15]} Rf6 {[%clk 0:00:33]} 35. Rd5
{[%clk 0:02:09]} Nxa4 {[%clk 0:00:33]} 36. Rxb7 {[%clk 0:02:23]} Rf8
{[%clk 0:00:44]} 37. Rdd7 {[%clk 0:02:21]} Rc8 {[%clk 0:01:09]} 38. Rxh7
{[%clk 0:01:54]} Nc3 {[%clk 0:01:21]} 39. Rhc7 {[%clk 0:01:14]} Nxe2+
{[%clk 0:01:12]} 40. Kf1 {[%clk 0:31:39]} Re8 {[%clk 0:31:38]} 41. Re7
{[%clk 0:31:31]} Rxe7 {[%clk 0:29:45]} 42. Rxe7 {[%clk 0:31:53]} Nd4
{[%clk 0:30:12]} 43. Rd7 {[%clk 0:30:03]} Nf3 {[%clk 0:29:43]} 44. Kg2
{[%clk 0:28:03]} Ne1+ {[%clk 0:29:48]} 45. Kh1 {[%clk 0:27:30]} Nf3
{[%clk 0:29:22]} 46. Rd5 {[%clk 0:27:22]} f4 {[%clk 0:28:53]} 47. gxf4
{[%clk 0:26:39]} Kf7 {[%clk 0:29:12]} 48. Rd6 {[%clk 0:25:52]} Nh4
{[%clk 0:28:54]} 49. Rh6 {[%clk 0:25:09]} Nf5 {[%clk 0:26:01]} 50. Rh5
{[%clk 0:25:06]} Kf6 {[%clk 0:26:26]} 51. Kg2 1-0

[Event "eytcc"]
[Site "?"]
[Date "2017.08.20"]
[Round "4.44"]
[White "Bugar, Peter"]
[Black "Kosztyla, Mateusz"]
[Result "1/2-1/2"]
[BlackElo "1266"]
[WhiteElo "1807"]
[LiveChessVersion "1.4.4"]

1. c4 e5 2. g3 Nf6 3. Bg2 d5 4. cxd5 Nxd5 5. Nc3 Nb6 6. e3 Nc6 7. Nge2 Nb4 8. O-O
Nd3 9. f4 exf4 10. Nxf4 Nxf4 11. Rxf4 Bd6 12. Rf2 O-O 13. d4 c6 14. e4 c5 15. d5
Be5 16. Be3 Qe7 17. Qe2 h5 18. Qxh5 Nc4 19. Nd1 Nxe3 20. Nxe3 Bd4 21. Re2 g6 22.
Qf3 f5 23. Kh1 fxe4 24. Qxe4 Qxe4 25. Bxe4 Re8 26. Ng2 Bg4 27. Ree1 Bxb2 28. Bxg6
Rf8 29. Rab1 Rf2 30. Kg1 Bd4 31. Ne3 Rf3 32. Rb3 c4 33. Kg2 cxb3 34. Nxg4 bxa2
35. Kxf3 a1=Q 36. Rxa1 Bxa1 37. Kf4 Kg7 38. Bf5 Rd8 39. Be4 a5 40. Ne3 b5 41. Bd3
b4 42. Bc2 Bc3 43. Ke4 Rc8 44. Kd3 Rc5 45. Ba4 Bf6 46. d6 Rc3+ 47. Ke2 Ra3 48.
Bd1 b3 49. Nc4 Ra2+ 50. Kd3 a4 51. d7 Rxh2 52. Ne5 Rg2 53. Nc6 Rg1 54. Ke2 b2 55.
Bc2 Rc1 56. Kd3 Rd1+ 57. Kc4 Rxd7 58. Nb4 a3 59. Kb3 Ra7 60. Ka2 Ra5 61. Nd3 Be7
62. Nf4 Re5 63. Ng6 Re2 64. Bb1 Bd6 65. Nh4 Kf6 66. Nf5 Bc5 67. g4 Rg2 68. Nh4
Rxg4 69. Nf3 Rg3 70. Nd2 Rg1 71. Ne4+ Ke5 72. Nxc5 Rxb1 73. Kxb1 Kd4 74. Na4 Kc4
75. Nxb2+ axb2 76. Kxb2 1/2-1/2

[Event "eytcc"]
[Site "?"]
[Date "2017.08.21"]
[Round "5.1"]
[White "Zajic, Milan"]
[Black "Kollars, Dmitrij"]
[Result "1/2-1/2"]
[BlackElo "2514"]
[WhiteElo "2499"]
[LiveChessVersion "1.4.4"]

1. e4 {[%clk 1:30:58]} e5 {[%clk 1:30:50]} 2. Nf3 {[%clk 1:31:17]} Nc6
{[%clk 1:31:13]} 3. Bb5 {[%clk 1:31:39]} a6 {[%clk 1:31:30]} 4. Ba4
{[%clk 1:32:02]} Nf6 {[%clk 1:31:48]} 5. O-O {[%clk 1:32:15]} Be7
{[%clk 1:31:54]} 6. Re1 {[%clk 1:32:31]} b5 {[%clk 1:32:02]} 7. Bb3
{[%clk 1:32:58]} d6 {[%clk 1:32:09]} 8. c3 {[%clk 1:32:50]} O-O {[%clk 1:32:25]}
9. h3 {[%clk 1:32:54]} Na5 {[%clk 1:31:42]} 10. Bc2 {[%clk 1:32:54]} c5
{[%clk 1:32:00]} 11. d3 {[%clk 1:31:18]} Qc7 {[%clk 1:26:55]} 12. Nbd2
{[%clk 1:31:25]} Nc6 {[%clk 1:24:26]} 13. Nf1 {[%clk 1:30:21]} h6
{[%clk 1:17:40]} 14. Ng3 {[%clk 1:24:24]} Re8 {[%clk 1:12:08]} 15. Nh4
{[%clk 1:21:26]} d5 {[%clk 1:03:33]} 16. Nhf5 {[%clk 0:46:40]} dxe4
{[%clk 0:48:29]} 17. dxe4 {[%clk 0:42:15]} Bf8 {[%clk 0:46:08]} 18. Qf3
{[%clk 0:38:32]} Re6 {[%clk 0:40:14]} 19. a4 {[%clk 0:27:23]} Bb7
{[%clk 0:39:33]} 20. axb5 {[%clk 0:23:45]} axb5 {[%clk 0:39:54]} 21. Rxa8
{[%clk 0:23:39]} Bxa8 {[%clk 0:40:19]} 22. Nf1 {[%clk 0:21:09]} Ne7
{[%clk 0:38:38]} 23. N1e3 {[%clk 0:19:33]} Nxf5 {[%clk 0:38:39]} 24. Nxf5
{[%clk 0:18:37]} Kh7 {[%clk 0:33:02]} 25. Rd1 {[%clk 0:17:12]} g6
{[%clk 0:32:10]} 26. Ne3 {[%clk 0:16:40]} Bg7 {[%clk 0:27:58]} 27. Ng4
{[%clk 0:10:09]} h5 {[%clk 0:22:43]} 28. Nxf6+ {[%clk 0:09:06]} Bxf6
{[%clk 0:22:05]} 29. g4 {[%clk 0:08:19]} hxg4 {[%clk 0:19:35]} 30. hxg4
{[%clk 0:08:47]} Kg8 {[%clk 0:15:50]} 31. Kg2 {[%clk 0:08:18]} Bc6
{[%clk 0:14:39]} 32. Be3 {[%clk 0:07:48]} c4 {[%clk 0:12:10]} 33. Rh1
{[%clk 0:03:53]} Bg7 {[%clk 0:09:08]} 34. Qh3 {[%clk 0:02:44]} Bb7
{[%clk 0:06:51]} 35. Bh6 {[%clk 0:00:50]} f6 {[%clk 0:06:32]} 36. Be3
{[%clk 0:00:54]} Kf8 {[%clk 0:03:42]} 37. Qh7 {[%clk 0:00:56]} Qf7
{[%clk 0:03:32]} 38. Rd1 {[%clk 0:00:55]} Ke8 {[%clk 0:02:05]} 39. b3
{[%clk 0:00:49]} Bc6 {[%clk 0:01:32]} 40. bxc4 {[%clk 0:31:06]} bxc4
{[%clk 0:31:54]} 41. Rb1 {[%clk 0:16:16]} Kd8 {[%clk 0:23:19]} 42. Rb4
{[%clk 0:05:38]} 1/2-1/2

[Event "eytcc"]
[Site "?"]
[Date "2017.08.21"]
[Round "5.2"]
[White "Perske, Thore"]
[Black "Djordjevic, Vuk"]
[Result "1-0"]
[BlackElo "2337"]
[WhiteElo "2431"]
[LiveChessVersion "1.4.4"]

1. e4 {[%clk 1:30:55]} e6 {[%clk 1:30:41]} 2. d4 {[%clk 1:31:15]} d5
{[%clk 1:31:08]} 3. Nd2 {[%clk 1:31:25]} dxe4 {[%clk 1:31:29]} 4. Nxe4
{[%clk 1:31:46]} Nd7 {[%clk 1:31:54]} 5. Nf3 {[%clk 1:31:12]} Ngf6
{[%clk 1:32:15]} 6. Nxf6+ {[%clk 1:31:36]} Nxf6 {[%clk 1:32:34]} 7. Be3
{[%clk 1:32:00]} Nd5 {[%clk 1:19:39]} 8. Bd2 {[%clk 1:31:47]} Be7
{[%clk 1:11:55]} 9. Bd3 {[%clk 1:27:43]} Nf6 {[%clk 1:06:55]} 10. Qe2
{[%clk 1:25:43]} c5 {[%clk 0:56:36]} 11. dxc5 {[%clk 1:22:09]} Bxc5
{[%clk 0:55:54]} 12. O-O-O {[%clk 1:16:15]} Bd7 {[%clk 0:42:40]} 13. Ne5
{[%clk 1:07:53]} Bc6 {[%clk 0:35:21]} 14. f4 {[%clk 0:59:12]} Qd5
{[%clk 0:25:44]} 15. Nxc6 {[%clk 0:35:41]} bxc6 {[%clk 0:20:34]} 16. Kb1
{[%clk 0:29:17]} Qh5 {[%clk 0:12:29]} 17. Qxh5 {[%clk 0:28:33]} Nxh5
{[%clk 0:12:58]} 18. Rhe1 {[%clk 0:27:12]} O-O {[%clk 0:09:43]} 19. Re5
{[%clk 0:27:06]} Bd4 {[%clk 0:09:17]} 20. Rxh5 {[%clk 0:27:27]} g6
{[%clk 0:09:45]} 21. Rh3 {[%clk 0:27:21]} Rfd8 {[%clk 0:09:58]} 22. c3
{[%clk 0:27:07]} Bb6 {[%clk 0:09:58]} 23. Kc2 {[%clk 0:27:10]} Rd5
{[%clk 0:10:24]} 24. Be4 {[%clk 0:27:31]} Rd6 {[%clk 0:10:41]} 25. Be3
{[%clk 0:27:16]} 1-0

[Event "eytcc"]
[Site "?"]
[Date "2017.08.21"]
[Round "5.3"]
[White "Radovanovic, Mihajlo"]
[Black "Keymer, Vincent"]
[Result "1-0"]
[BlackElo "2432"]
[WhiteElo "2357"]
[LiveChessVersion "1.4.4"]

1. d4 {[%clk 1:30:56]} Nf6 {[%clk 1:30:55]} 2. c4 {[%clk 1:31:15]} e6
{[%clk 1:31:22]} 3. Nf3 {[%clk 1:31:36]} d5 {[%clk 1:31:48]} 4. g3
{[%clk 1:32:00]} Bb4+ {[%clk 1:32:14]} 5. Bd2 {[%clk 1:32:22]} Be7
{[%clk 1:32:41]} 6. Bg2 {[%clk 1:32:46]} O-O {[%clk 1:33:05]} 7. O-O
{[%clk 1:33:09]} c6 {[%clk 1:33:33]} 8. Na3 {[%clk 1:32:15]} Nbd7
{[%clk 1:33:39]} 9. Rc1 {[%clk 1:32:29]} Ne4 {[%clk 1:33:03]} 10. Be3
{[%clk 1:32:23]} Qa5 {[%clk 1:31:11]} 11. Qd3 {[%clk 1:15:42]} Bxa3
{[%clk 1:24:44]} 12. bxa3 {[%clk 1:14:26]} Nd6 {[%clk 1:24:55]} 13. Bd2
{[%clk 0:56:01]} Qd8 {[%clk 1:08:01]} 14. c5 {[%clk 0:46:48]} Ne4
{[%clk 1:07:39]} 15. Be3 {[%clk 0:45:57]} b6 {[%clk 0:55:34]} 16. cxb6
{[%clk 0:37:04]} Qxb6 {[%clk 0:54:23]} 17. Ne5 {[%clk 0:35:51]} Nef6
{[%clk 0:40:12]} 18. Nxc6 {[%clk 0:26:44]} Ba6 {[%clk 0:40:34]} 19. Qd2
{[%clk 0:23:08]} Bb5 {[%clk 0:40:05]} 20. Nb4 {[%clk 0:19:12]} Rac8
{[%clk 0:35:43]} 21. Rb1 {[%clk 0:19:05]} Rb8 {[%clk 0:26:00]} 22. Bf4
{[%clk 0:15:49]} Rb7 {[%clk 0:25:58]} 23. Nxd5 {[%clk 0:14:43]} exd5
{[%clk 0:25:13]} 24. a4 {[%clk 0:15:06]} Qc6 {[%clk 0:25:19]} 25. Rfc1
{[%clk 0:14:22]} Bc4 {[%clk 0:23:30]} 26. Rxb7 {[%clk 0:14:46]} Qxb7
{[%clk 0:23:25]} 27. Rxc4 {[%clk 0:15:10]} Nb6 {[%clk 0:23:33]} 28. Rc7
{[%clk 0:13:46]} Qa6 {[%clk 0:23:54]} 29. a5 {[%clk 0:14:02]} Nc4
{[%clk 0:23:11]} 30. Qb4 {[%clk 0:14:16]} Nxa5 {[%clk 0:21:55]} 31. Qa4
{[%clk 0:12:14]} Qb6 {[%clk 0:21:00]} 32. Bf3 {[%clk 0:12:15]} a6
{[%clk 0:18:54]} 33. Rc5 {[%clk 0:10:36]} Nc4 {[%clk 0:17:53]} 34. Qb3
{[%clk 0:10:09]} Qe6 {[%clk 0:13:47]} 35. Qb7 {[%clk 0:09:42]} Rd8
{[%clk 0:11:29]} 36. Bc7 {[%clk 0:06:53]} Re8 {[%clk 0:08:40]} 37. Bxd5
{[%clk 0:06:36]} Nxd5 {[%clk 0:04:57]} 38. Qxd5 {[%clk 0:06:55]} Qxe2
{[%clk 0:04:46]} 39. Rxc4 {[%clk 0:06:19]} Qxa2 {[%clk 0:05:04]} 40. Be5
{[%clk 0:35:39]} h6 {[%clk 0:34:50]} 41. Rc5 {[%clk 0:35:03]} Qb1+
{[%clk 0:34:28]} 42. Kg2 {[%clk 0:35:26]} Re6 {[%clk 0:34:42]} 43. Rc8+
{[%clk 0:28:35]} Kh7 {[%clk 0:35:07]} 44. Rc7 {[%clk 0:28:01]} Qg6
{[%clk 0:34:50]} 45. h4 {[%clk 0:26:22]} a5 {[%clk 0:34:14]} 46. h5
{[%clk 0:25:37]} Qxh5 {[%clk 0:31:26]} 47. Qxe6 {[%clk 0:25:57]} 1-0

[Event "eytcc"]
[Site "?"]
[Date "2017.08.21"]
[Round "5.4"]
[White "Sawlin, Leonid"]
[Black "Ivic, Velimir"]
[Result "0-1"]
[BlackElo "2383"]
[WhiteElo "2331"]
[LiveChessVersion "1.4.4"]

1. e4 {[%clk 1:30:57]} c5 {[%clk 1:30:56]} 2. Nf3 {[%clk 1:31:22]} Nc6
{[%clk 1:31:17]} 3. d4 {[%clk 1:31:47]} cxd4 {[%clk 1:31:43]} 4. Nxd4
{[%clk 1:32:14]} Nf6 {[%clk 1:32:07]} 5. Nc3 {[%clk 1:32:37]} d6 {[%clk 1:32:34]}
6. Bg5 {[%clk 1:32:39]} e6 {[%clk 1:32:54]} 7. Qd2 {[%clk 1:33:01]} a6
{[%clk 1:33:10]} 8. O-O-O {[%clk 1:32:47]} Bd7 {[%clk 1:33:28]} 9. f4
{[%clk 1:32:36]} b5 {[%clk 1:33:42]} 10. Qe1 {[%clk 1:30:42]} Nxd4
{[%clk 1:21:29]} 11. Rxd4 {[%clk 1:31:04]} Qb6 {[%clk 1:21:32]} 12. Qd2
{[%clk 1:30:34]} b4 {[%clk 0:54:26]} 13. Nd1 {[%clk 1:30:00]} a5 {[%clk 0:41:17]}
14. Ne3 {[%clk 1:25:27]} Bc6 {[%clk 0:38:27]} 15. Nc4 {[%clk 1:15:10]} Qc5
{[%clk 0:35:28]} 16. e5 {[%clk 1:09:40]} Ne4 {[%clk 0:29:58]} 17. Qe3
{[%clk 1:04:26]} d5 {[%clk 0:26:46]} 18. Nd2 {[%clk 1:03:28]} Nxg5
{[%clk 0:24:57]} 19. fxg5 {[%clk 1:03:45]} Qb6 {[%clk 0:22:21]} 20. Qf4
{[%clk 0:59:54]} Rc8 {[%clk 0:19:46]} 21. Rd3 {[%clk 0:57:18]} a4
{[%clk 0:11:46]} 22. Rf3 {[%clk 0:55:08]} Rc7 {[%clk 0:10:20]} 23. Bd3
{[%clk 0:52:04]} Bb5 {[%clk 0:08:13]} 24. Kb1 {[%clk 0:49:50]} Bxd3
{[%clk 0:07:12]} 25. Rxd3 {[%clk 0:49:58]} a3 {[%clk 0:03:00]} 26. bxa3
{[%clk 0:43:18]} Qc6 {[%clk 0:02:41]} 27. Rc1 {[%clk 0:42:39]} bxa3
{[%clk 0:02:52]} 28. Rb3 {[%clk 0:39:40]} Be7 {[%clk 0:02:54]} 29. Rb8+
{[%clk 0:36:55]} Rc8 {[%clk 0:00:57]} 30. Rxc8+ Qxc8 {[%clk 0:01:26]} 31. Qa4+
{[%clk 0:37:11]} Qd7 {[%clk 0:00:55]} 32. Qa8+ {[%clk 0:37:00]} Qd8
{[%clk 0:01:16]} 33. Qc6+ {[%clk 0:36:28]} Qd7 {[%clk 0:01:45]} 34. Qa8+
{[%clk 0:36:44]} Qd8 {[%clk 0:00:51]} 35. Qc6+ {[%clk 0:37:04]} Kf8
{[%clk 0:01:18]} 36. Rf1 {[%clk 0:35:54]} Kg8 {[%clk 0:01:13]} 37. Rf3
{[%clk 0:33:08]} g6 {[%clk 0:00:56]} 38. Kc1 {[%clk 0:32:22]} Kg7
{[%clk 0:00:58]} 39. Qb7 {[%clk 0:30:39]} h6 {[%clk 0:00:59]} 40. gxh6+
{[%clk 1:00:25]} Rxh6 {[%clk 0:31:19]} 41. h3 {[%clk 0:58:52]} Rh5
{[%clk 0:28:12]} 42. Re3 {[%clk 0:56:15]} Rf5 {[%clk 0:25:59]} 43. g4
{[%clk 0:48:22]} Rf2 {[%clk 0:24:42]} 44. Rf3 {[%clk 0:46:33]} Re2
{[%clk 0:22:19]} 45. Nb3 {[%clk 0:44:37]} Rxe5 {[%clk 0:16:23]} 46. Nd4
{[%clk 0:42:44]} Qa5 {[%clk 0:14:25]} 47. c3 {[%clk 0:41:54]} Qa4
{[%clk 0:12:27]} 48. Nc2 {[%clk 0:41:39]} Re2 {[%clk 0:11:52]} 49. Ne3
{[%clk 0:39:54]} Qe4 {[%clk 0:09:56]} 0-1

[Event "eytcc"]
[Site "?"]
[Date "2017.08.21"]
[Round "5.5"]
[White "Morozov, Nichita"]
[Black "Livaic, Leon"]
[Result "1-0"]
[BlackElo "2464"]
[WhiteElo "2458"]
[LiveChessVersion "1.4.4"]

1. e4 {[%clk 1:30:58]} c5 {[%clk 1:30:48]} 2. Nf3 {[%clk 1:31:24]} d6
{[%clk 1:31:15]} 3. Bb5+ {[%clk 1:31:51]} Nd7 {[%clk 1:31:40]} 4. c3
{[%clk 1:32:16]} Ngf6 {[%clk 1:31:46]} 5. Qe2 {[%clk 1:32:40]} a6
{[%clk 1:31:43]} 6. Ba4 {[%clk 1:33:02]} b5 {[%clk 1:32:02]} 7. Bc2
{[%clk 1:33:27]} Bb7 {[%clk 1:31:56]} 8. d4 {[%clk 1:32:49]} e6 {[%clk 1:31:53]}
9. a4 {[%clk 1:30:14]} cxd4 {[%clk 1:17:47]} 10. cxd4 {[%clk 1:30:29]} Be7
{[%clk 1:14:37]} 11. O-O {[%clk 1:30:21]} O-O {[%clk 1:02:11]} 12. Bf4
{[%clk 1:29:02]} bxa4 {[%clk 0:55:03]} 13. Rxa4 {[%clk 1:25:03]} Bc6
{[%clk 0:50:16]} 14. Ra2 {[%clk 1:23:29]} Bb5 {[%clk 0:49:06]} 15. Bd3
{[%clk 1:23:56]} Qb6 {[%clk 0:45:18]} 16. Nc3 {[%clk 1:22:53]} Bxd3
{[%clk 0:45:12]} 17. Qxd3 {[%clk 1:23:19]} Rfb8 {[%clk 0:31:40]} 18. Rfa1
{[%clk 1:10:58]} Rb7 {[%clk 0:22:48]} 19. h3 {[%clk 1:05:09]} Qc7
{[%clk 0:16:52]} 20. Nd2 {[%clk 0:55:27]} Rab8 {[%clk 0:15:11]} 21. Nd1
{[%clk 0:46:26]} e5 {[%clk 0:14:01]} 22. Be3 {[%clk 0:45:19]} exd4
{[%clk 0:13:42]} 23. Bxd4 {[%clk 0:45:42]} Nc5 {[%clk 0:10:08]} 24. Qe2
{[%clk 0:44:41]} Nfd7 {[%clk 0:09:19]} 25. Ne3 {[%clk 0:42:58]} Qd8
{[%clk 0:08:21]} 26. Nd5 {[%clk 0:41:32]} Bg5 {[%clk 0:07:33]} 27. b4
{[%clk 0:36:59]} Rxb4 {[%clk 0:05:28]} 28. Nxb4 {[%clk 0:36:39]} Rxb4
{[%clk 0:05:55]} 29. Be3 {[%clk 0:31:57]} Bxe3 {[%clk 0:05:12]} 30. Qxe3
{[%clk 0:32:16]} h6 {[%clk 0:03:59]} 31. Rb1 {[%clk 0:31:45]} Rxb1+
{[%clk 0:04:01]} 32. Nxb1 {[%clk 0:32:12]} Qb6 {[%clk 0:01:30]} 33. Nc3
{[%clk 0:32:23]} Ne5 {[%clk 0:01:40]} 34. Kh2 {[%clk 0:30:27]} Qb3
{[%clk 0:01:50]} 35. Re2 {[%clk 0:30:25]} a5 {[%clk 0:01:37]} 36. f4
{[%clk 0:28:04]} Nc4 {[%clk 0:01:56]} 37. Qg3 {[%clk 0:27:56]} a4
{[%clk 0:01:40]} 38. f5 {[%clk 0:27:37]} f6 {[%clk 0:01:31]} 39. Nd5
{[%clk 0:22:12]} Qxg3+ {[%clk 0:00:43]} 40. Kxg3 {[%clk 0:52:40]} Kf7
{[%clk 0:30:37]} 41. Nc3 {[%clk 0:49:54]} a3 {[%clk 0:23:13]} 42. Re1
{[%clk 0:48:44]} Nd2 {[%clk 0:18:41]} 43. Rd1 {[%clk 0:46:09]} a2
{[%clk 0:11:14]} 44. Nxa2 {[%clk 0:45:13]} Ndxe4+ {[%clk 0:11:39]} 45. Kf4
{[%clk 0:43:28]} g6 {[%clk 0:11:29]} 46. Rd4 {[%clk 0:40:12]} gxf5
{[%clk 0:10:41]} 47. Kxf5 {[%clk 0:39:58]} Ng3+ {[%clk 0:10:57]} 48. Kg4
{[%clk 0:40:22]} Nge4 {[%clk 0:08:52]} 49. Kf4 {[%clk 0:39:35]} Ng5
{[%clk 0:07:01]} 50. Rxd6 {[%clk 0:39:45]} Nce6+ {[%clk 0:06:48]} 51. Ke3
{[%clk 0:38:40]} Ng7 {[%clk 0:07:03]} 52. Ra6 {[%clk 0:38:55]} h5
{[%clk 0:07:01]} 53. Nc3 {[%clk 0:39:06]} N5e6 {[%clk 0:07:10]} 54. Nd5
{[%clk 0:39:00]} Nf5+ {[%clk 0:07:20]} 55. Kf2 {[%clk 0:38:36]} Nfg7
{[%clk 0:05:15]} 56. Kf3 {[%clk 0:37:50]} Ng5+ {[%clk 0:05:12]} 57. Ke3
{[%clk 0:37:58]} N5e6 {[%clk 0:05:10]} 58. Ra7+ {[%clk 0:38:23]} Kg6
{[%clk 0:05:35]} 59. Nf4+ {[%clk 0:37:43]} Nxf4 {[%clk 0:06:02]} 60. Kxf4
{[%clk 0:38:08]} Ne6+ {[%clk 0:06:28]} 61. Kf3 {[%clk 0:38:09]} Ng5+
{[%clk 0:06:36]} 62. Ke3 {[%clk 0:38:23]} Nf7 {[%clk 0:06:49]} 63. Ra5
{[%clk 0:37:25]} Ne5 {[%clk 0:07:03]} 64. Ke4 {[%clk 0:37:38]} Nf7
{[%clk 0:07:08]} 65. Ra8 {[%clk 0:33:54]} Nd6+ {[%clk 0:04:55]} 66. Kd5
{[%clk 0:32:35]} Nf5 {[%clk 0:05:05]} 67. Ke4 {[%clk 0:31:06]} Nd6+
{[%clk 0:05:25]} 68. Kf4 {[%clk 0:31:31]} Kg7 {[%clk 0:04:45]} 69. Ra6
{[%clk 0:31:01]} Nf7 {[%clk 0:04:54]} 70. Ra5 {[%clk 0:31:25]} Kg6
{[%clk 0:05:14]} 71. Ra3 {[%clk 0:30:51]} Nd6 {[%clk 0:04:18]} 72. Rg3+
{[%clk 0:29:33]} Kf7 {[%clk 0:04:39]} 73. Rd3 {[%clk 0:29:43]} Ne8
{[%clk 0:05:04]} 74. Kg3 {[%clk 0:27:10]} Kg6 {[%clk 0:03:11]} 75. Kh4
{[%clk 0:26:55]} Nc7 {[%clk 0:02:01]} 76. Rd6 {[%clk 0:26:36]} Ne8
{[%clk 0:01:21]} 77. Rd7 {[%clk 0:26:59]} Kh6 {[%clk 0:01:32]} 78. Rd8
{[%clk 0:27:02]} 1-0